000 01246nam a2200313 4500
001 0000022640
003 CO-CtgCURN
005 20250329191006.0
007 ta
008 160627s1998 000 0 eng d
020 _a9586163679
040 _aCO-CtgCURN
_bspa
_ccoctgcurn
082 0 _a343
_bS123e
100 1 _aSacher de Koster, Mariana.
245 1 0 _aEvolucion del tipo subjetivo /
_cMariana Sacher de Koster.
260 _aBogotá :
_bUniversidad Externado de Colombia,
_c1998.
300 _a127 p.
336 _2rdacontent
337 _2rdamedia
_asin mediacion
_bn
338 _2rdacarrier
_avolumen
_bnc
490 1 _aColección de estudios ;
_v12
504 _aBibliografia (p. 117-127)
505 8 _aLa division horizontal en presupuestos externos e interno de la punibilidad.--La division vertical del delito en ilicito objetivo y culpabilidad subjetiva.--El traslado de elementos subjetivos al ilicito.--El nuevo retroceso de los elementos subjetivos del ambito de la tipicidad
650 1 4 _aFilosofia del derecho.
908 _a160627
942 _cBK
_h343
_iS123e
_2ddc
999 _c10469
_d10469